00567nam a2200205Ia 450000500170000000800410001702000180005808200130007610000160008924500320010526000430013730000130018065000150019365000110020865000150021965000110023494200060024595200950025199900150034620241029020250.0240331s9999 xx 000 0 und d a9789558095386 bDESa823 aDe Silva, N 4aThe road from Elephant pass aColombobVijitha Yapa Publishersc2003 a434 p ., aReal Story aSocial aPsychology aGender cL 001040708LaWERCLbWERCLcSSCd2024-03-31l0o 823 DESp5219r2024-03-31w2024-03-31yL c5381d5381